Counties of Estonia Quiz - Statistics

General Stats
  • This quiz has been taken 12 times
  • The average score is 10 of 15
Answer Stats
County % Correct
Lääne
86%
Tartu
86%
Hiiu
71%
Ida-Viru
71%
Jõgeva
71%
Lääne-Viru
71%
Pärnu
71%
Saare
71%
Harju
57%
Järva
57%
Põlva
57%
Rapla
57%
Valga
57%
Viljandi
57%
Võru
57%
No matching quizzes found
Score Distribution
Percent of People with Each Score
Percentile by Number Answered
Your Score History
You have not taken this quiz